Polyaniline coating on nitrile rubber surface (Record no. 65228)

MARC details
000 -LEADER
fixed length control field 00454nam a2200169Ia 4500
100 ## - MAIN ENTRY--AUTHOR NAME
Personal name Satpute Ravindra S
245 #0 - TITLE STATEMENT
Title Polyaniline coating on nitrile rubber surface
260 ## - PUBLICATION, DISTRIBUTION, ETC. (IMPRINT)
Name of publisher Journal of Polymer Materials
Year of publication 2000
300 ## - PHYSICAL DESCRIPTION
Number of Pages 97-99
650 ## - SUBJECT ADDED ENTRY--TOPICAL TERM
Topical Term Nitrile rubber
650 ## - SUBJECT ADDED ENTRY--TOPICAL TERM
Topical Term Polyaniline coating
700 ## - ADDED ENTRY--PERSONAL NAME
Personal name Deb Pramil C
700 ## - ADDED ENTRY--PERSONAL NAME
Personal name Patankar Anil S
700 ## - ADDED ENTRY--PERSONAL NAME
Personal name Samui Asit B
942 ## - ADDED ENTRY ELEMENTS (KOHA)
Koha item type Journals
Holdings
Withdrawn status Lost status Damaged status Not for loan Home library Current library Shelving location Date acquired Serial Enumeration / chronology Koha item type
      Journals RRII Library RRII Library Rubber chemistry 17/12/2021 Volume 17, Issue 1 Journals